Trouve l'erreur - 2 - Statistiques

Statistiques générales
  • Ce quiz a été pris 210 fois
  • Le résultat moyen est 7 sur 9
Statistiques - réponses
Question Tuile Select % Correct
Trouve l'erreur Rafael Nadal Non
93%
Trouve l'erreur Roger Federer Non
93%
Trouve l'erreur Yannick Noah Non
88%
Trouve l'erreur Björn Borg Non
86%
Trouve l'erreur Ivan Lendl Non
85%
Trouve l'erreur Gustavo Kuerten Non
81%
Trouve l'erreur Michael Chang Non
78%
Trouve l'erreur Jim Courier Non
61%
Trouve l'erreur John McEnroe Oui
23%
Aucun quiz correspondant
Distribution des résultats
% des personnes avec chaque résultat
Percentile par nombre de réponses
Votre historique - résultats
Vous n’avez pas pris ce quiz